| 000 | 00790nam a2200229 i 4500 | ||
|---|---|---|---|
| 001 | 20547 | ||
| 003 | ES-MaACL | ||
| 005 | 20230906152325.0 | ||
| 007 | t| | ||
| 008 | 021114m18961897ddr ||||1| ger d | ||
| 100 | 1 |
_aAhlwardt, Wilhelm. _9141881 |
|
| 245 | 1 | 4 |
_aVerzeichniss der Arabischen Handschriften / _cvon W. Ahlwardt. |
| 260 |
_aBerlin : _bA.Asher, _c1896-1897. |
||
| 300 |
_a2 v. ; _c31 cm. |
||
| 490 | 1 |
_aHandschriften-Verzeichnisse der Königlichen Bibliothek zu Berlin ; _v20-21 |
|
| 500 | _aSon los vol. 8 y 9. | ||
| 650 | 4 |
_aManuscritos árabes. _9141882 |
|
| 710 | 2 |
_aKönigliche Bibliothek zu Berlin. _9141877 |
|
| 830 | 0 |
_aHandschriften-Verzeichnisse der Königlichen Bibliothek zu Berlin ; _v20-21 _9228930 |
|
| 852 |
_aES-MaACL _jB-1154-55 |
||
| 999 |
_c20547 _d20547 |
||